| 000 | 00690nam a2200241Ia 4500 | ||
|---|---|---|---|
| 008 | 160803s9999 xx 000 0 und d | ||
| 020 | _a9780439056779 | ||
| 100 | _aDiConsiglio, John | ||
| 245 | _aLet's go surfing : | ||
| 245 | _ban internet adventure / | ||
| 245 | _cNonfiction by John DiConsiglio ; with an internet guide by Francie Alexander and Nancy Hechinger. | ||
| 260 | _aNew York : | ||
| 260 | _bScholastic Inc. | ||
| 260 | _c1999 | ||
| 300 | _a36 pages : | ||
| 300 | _billustrations ; | ||
| 300 | _c20 cm. | ||
| 650 | _aInternet searching -- | ||
| 650 | _aWorld Wide Web -- | ||
| 650 | _xJuvenile fiction. | ||
| 650 | _xJuvenile fiction. | ||
| 700 | _a420 | ||
| 999 |
_c298773 _d298773 |
||